Buenaventura Báez : (Registro nro. 7120)
[ vista simple ]
| 000 -LIDER | |
|---|---|
| fixed length control field | 00998nam a2200301 a 4500 |
| 001 - NÚMERO DE CONTROL | |
| Identificador de número de control | 000015282 |
| 003 - IDENTIFICACDOR DE NÚMERO DE CONTROL | |
| control field | 000015282 |
| 005 - DATE AND TIME OF LATEST TRANSACTION | |
| control field | 20180323154148.0 |
| 008 - ELEMENTOS DE LONGITUD FIJA | |
| fixed length control field | 100204s2008 dr a 001 0 spa d |
| 020 ## - ISBN | |
| Canceled/invalid ISBN | 9993468419 |
| 040 ## - FUENTE DE CATALOGACIÓN | |
| Agencia que crea de manera original el registro | BPMET |
| Idioma de catalogación | spa |
| Agencia que realiza la transcripción | BPMET |
| 049 ## - LOCAL HOLDINGS (OCLC) | |
| Holding library | BNPD |
| 092 ## - LOCALLY ASSIGNED DEWEY DECIMAL CALL NUMBER | |
| Número de clasificación | 923.17293 |
| Número de ítem (Cutter) | C343b 2006 |
| 100 1# - ASIENTO PRINCIPAL -- NOMBRE PERSONAL | |
| Nombre personal | Cassá, Roberto, |
| Fechas asociadas con el nombre | 1948- |
| 245 10 - MENCIÓN DE TITULO | |
| Título | Buenaventura Báez : |
| Subtítulo | cinco veces presidente / |
| Mención de responsabilidad | Roberto Cassá. |
| 250 ## - MENCIÓN DE EDICION | |
| Mención de edición | 4a ed. |
| 260 ## - PUBLICACIÓN, DISTRIBUCIÓN, ETC. (PIE DE IMPRENTA) | |
| Lugar de publicación, distribución, etc | Santo Domingo : |
| Nombre del editor, distribuidor, etc. | Tobogan, |
| Fecha de publicación, distribución, etc | 2008 |
| 300 ## - DESCRIPCIÓN FÍSICA | |
| Extensión | 80 p. : |
| Otros detalles físicos | il., |
| Dimensiones | 21 cm. |
| 490 1# - MENCIÓN DE SERIES | |
| Mención de serie | Biografías Dominicanas Tobogan. |
| 600 14 - ENCABEZAMIENTO DE MATERIA--NOMBRE PERSONAL | |
| Nombre personal | BÁEZ, BUENAVENTURA, |
| Fechas asociadas con el nombre | 1812-1884 |
| 650 #4 - ENCABEZAMIENTO DE MATERIA--TEMÁTICO | |
| Término temático o nombre geográfico como elemento de entrada | PRESIDENTES |
| Subdivisión geográfica | REPÚBLICA DOMINICANA |
| Subdivisión temática general | BIOGRAFÍAS |
| 651 #4 - ENCABEZAMIENTO DE MATERIA--NOMBRE GEOGRÁFICO | |
| Nombre geográfico | REPUBLICA DOMINICANA |
| Subdivisión temática general | HISTORIA |
| Subdivisión cronológica | 1844-1861 |
| 651 #4 - ENCABEZAMIENTO DE MATERIA--NOMBRE GEOGRÁFICO | |
| Nombre geográfico | REPUBLICA DOMINICANA |
| Subdivisión temática general | HISTORIA |
| -- | ANEXIÓN A ESPAÑA |
| Subdivisión geográfica | 1861-1863 |
| 830 #0 - ASIENTO SECUNDARIO DE SERIE--TÍTULO UNIFORME | |
| Título uniforme | Biografías Dominicanas Tobogan |
| 942 ## - ADDED ENTRY ELEMENTS (KOHA) | |
| Source of classification or shelving scheme | Dewey Decimal Classification |
| Koha item type | Libros |
| 945 ## - INFORMACIÓN DE PROCESAMIENTO LOCAL | |
| Información de procesamiento local | Remanejado para la BNPHU / 2017 VM |
| 956 ## - LOCAL ELECTRONIC LOCATION AND ACCESS (OCLC) | |
| Nombre de host | VMATEO |
| Número de acceso | 10 |
| Información de compresión | 20150729 |
| Inicio de sesión | BPMSU |
| Procesador de solicitud | 0069 |
| Withdrawn status | Lost status | Source of classification or shelving scheme | Damaged status | Not for loan | Home library | Current library | Date acquired | Total Checkouts | Barcode | Date last seen | Price effective from | Koha item type | Copy number |
|---|---|---|---|---|---|---|---|---|---|---|---|---|---|
| Dewey Decimal Classification | Biblioteca Pública Metropolitana Salomé Ureña | Biblioteca Pública Metropolitana Salomé Ureña | 07/09/2014 | BPMSU15040509 | 07/09/2014 | 07/09/2014 | Libros | ||||||
| Dewey Decimal Classification | Biblioteca Pública Metropolitana Salomé Ureña | Biblioteca Pública Metropolitana Salomé Ureña | 07/09/2014 | BPMSU15040510 | 07/09/2014 | 07/09/2014 | Libros | e. 2 | |||||
| Dewey Decimal Classification | Biblioteca Pública Metropolitana Salomé Ureña | Biblioteca Pública Metropolitana Salomé Ureña | 07/09/2014 | BPMSU15040511 | 07/09/2014 | 07/09/2014 | Libros | e. 3 |